All US State Capitals by Satellite Image - Statistics

General Stats
  • This quiz has been taken 81 times
  • The average score is 16 of 50
Answer Stats
Picture Answer % Correct
Honolulu
90%
Juneau
75%
Boston
65%
Madison
65%
Santa Fe
65%
Phoenix
55%
Carson City
50%
Annapolis
45%
Boise
45%
Montpelier
45%
Salt Lake City
45%
Augusta
35%
Austin
35%
Baton Rouge
35%
Charleston
35%
Concord
35%
Indianapolis
35%
Pierre
35%
Providence
35%
Sacramento
35%
Albany
30%
Atlanta
30%
Denver
30%
Helena
30%
Lincoln
30%
St Paul
30%
Columbus
25%
Des Moines
25%
Dover
25%
Frankfort
25%
Harrisburg
25%
Lansing
25%
Nashville
25%
Olympia
25%
Raleigh
25%
Salem
25%
Hartford
20%
Jefferson City
20%
Richmond
20%
Springfield
20%
Topeka
20%
Columbia
15%
Little Rock
15%
Oklahoma City
15%
Tallahassee
15%
Trenton
15%
Bismarck
10%
Cheyenne
10%
Jackson
10%
Montgomery
5%
No matching quizzes found
Score Distribution
Percent of People with Each Score
Percentile by Number Answered
Your Score History
You have not taken this quiz